| 000 -CABECERA |
| campo de control de longitud fija |
02835nam a22002537a 4500 |
| 003 - IDENTIFICADOR DEL NÚMERO DE CONTROL |
| campo de control |
OSt |
| 005 - FECHA Y HORA DE LA ÚLTIMA TRANSACCIÓN |
| campo de control |
20230829173825.0 |
| 008 - DATOS DE LONGITUD FIJA--INFORMACIÓN GENERAL |
| campo de control de longitud fija |
230829b ||||| |||| 00| 0 spa d |
| 020 ## - NÚMERO INTERNACIONAL ESTÁNDAR DEL LIBRO |
| Número Internacional Estándar del Libro |
9788401375934 |
| 040 ## - FUENTE DE LA CATALOGACIÓN |
| Centro/agencia transcriptor |
CO-MqBPB |
| 082 ## - NÚMERO DE LA CLASIFICACIÓN DECIMAL DEWEY |
| Número de clasificación |
923.146 |
| Número de documento/Ítem |
V34s |
| 100 ## - ENTRADA PRINCIPAL--NOMBRE DE PERSONA |
| Nombre de persona |
Vilallonga, José Luis de, |
| Fechas asociadas al nombre |
1920-2007 |
| 245 ## - MENCIÓN DE TÍTULO |
| Título |
El sable del caudillo / |
| Mención de responsabilidad, etc. |
José Luis de Vilallonga. |
| 250 ## - MENCIÓN DE EDICIÓN |
| Mención de edición |
1a.ed. |
| 260 ## - PUBLICACIÓN, DISTRIBUCIÓN, ETC. |
| Lugar de publicación, distribución, etc. |
Barcelona : |
| Nombre del editor, distribuidor, etc. |
Plaza y Janés Editores, |
| Fecha de publicación, distribución, etc. |
1997 |
| 300 ## - DESCRIPCIÓN FÍSICA |
| Extensión |
393 p. : fots. ; |
| Otras características físicas |
Tapa Dura, |
| Dimensiones |
22 cm. |
| 490 ## - MENCIÓN DE SERIE |
| Mención de serie |
1a.ed. |
| 500 ## - NOTA GENERAL |
| Nota general |
A Franco le gustaba hacer frases. Casi todas las encontraba en los calendarios que Doña Carmen colgaba en la cocina, refiere el autor utilizando un subterfugio tan novelesco como eficaz. A través del relato que, en efecto, hace el sable que Franco adquiere en Toledo cuando es un simple oficial recién nombrado, José Luis de Vilallonga nos ofrece una visión desenfadada y hasta ahora insólita de Francisco Franco y sus circunstancias: Franquito, elegido en 1936 por sus compañeros de armas para dirigir la suerte de los sublevados, se convierte durante casi cuatro décadas en el amo absoluto de España. El reinado largo triste y gris de un hombre mezquino con ambiciones mediocres no se explica sin un personaje singular al que hasta ahora no se ha prestado toda la atención que merece: doña Carmen Polo, alta y flaca, con largos pies y largos dientes caballunos y una mirada dura y fría que debería inquietar a todo hombre al que de verdad le interesaran las mujeres.<br/>Pero a Franco, víctima en su infancia de las sórdidas peloteras entre una madre dedicada por entero a las tareas del hogar y a las novenas y un padre aficionado al vino, las cartas y las mujeres, no le interesaba más que su carrera, con o sin Monarquía, hasta que su futura mujer se cruza en su camino y sublima todas sus frustraciones: nueva lady Macbeth, doña Carmen Polo alienta en Franco, a lo largo de más de medio siglo, una ambición desmedida por el poder.<br/>Todas las dinastías tiene su principio y su fin. Si se acabara la de los Borbones -llégale a decir-, tú podrías ser el fundador de una nueva.<br/>Con determinadas licencias impuestas por el tratamiento novelesco del tema, pero con absoluto rigor histórico respecto a los hechos fundamentales, El sable del Caudillo- un bisturí manejado por la mano maestra de José Luis de Vilallonga- es una aportación fundamental para entender los entresijos de una personalidad tan compleja como la de quien,durante casi cuarenta años, gobernó España como un cortijo. |
| 650 ## - PUNTO DE ACCESO ADICIONAL DE MATERIA--TÉRMINO DE MATERIA |
| Término de materia o nombre geográfico como elemento de entrada |
Franco, Francisco, 1892-1975 |
| Subdivisión general |
Relaciones con mujeres Franco |
| 650 ## - PUNTO DE ACCESO ADICIONAL DE MATERIA--TÉRMINO DE MATERIA |
| Término de materia o nombre geográfico como elemento de entrada |
Jefes de estado |
| Subdivisión general |
España |
| 650 ## - PUNTO DE ACCESO ADICIONAL DE MATERIA--TÉRMINO DE MATERIA |
| Término de materia o nombre geográfico como elemento de entrada |
Francisco, 1892-1975 |
| Subdivisión general |
Personalidad Franco |
| 650 ## - PUNTO DE ACCESO ADICIONAL DE MATERIA--TÉRMINO DE MATERIA |
| Término de materia o nombre geográfico como elemento de entrada |
Biografías España |
| Subdivisión general |
Política y gobierno, 1931-1975 |
| 942 ## - ELEMENTOS DE PUNTO DE ACCESO ADICIONAL (KOHA) |
| Fuente del sistema de clasificación o colocación |
|
| Tipo de ítem Koha |
Libro |